| 000 | 00552cam a22002171 4500 | ||
|---|---|---|---|
| 001 | ne 63002381 | ||
| 003 | DLC | ||
| 005 | 20260227111752.0 | ||
| 008 | 880902s1962 xx 000 0 ara | ||
| 010 | _ane 63002381 | ||
| 035 | _a(OCoLC)23519256 | ||
| 040 |
_aDLC _cMiU _dDLC |
||
| 042 | _apremarc | ||
| 050 | 0 | 0 |
_aHX442 _b.S2 |
| 100 | 1 | _aSaʻīd, Jamāl al-Dīn Muḥammad. | |
| 245 | 1 | 3 | _aal-Ishtirākīyah al-ʻArabīyah. |
| 260 | _c[1962?] | ||
| 300 |
_a72 p. _c20 cm. |
||
| 500 | _aRomanized. | ||
| 650 | 0 |
_aSocialism _zUnited Arab Republic. |
|
| 999 |
_c46439 _d46439 |
||